00291nam a2200121Ia 4500008004100000082001700041100002200058245002600080250000800106260003000114300000800144650001700152150201s2007 xx 000 0 und d a616.01bC07T aTHOMAS, PHILIP A. aCLINICAL MICROBIOLOGY a1ST bORIENT LONGMANaHYDc2007 a654 aMICROBIOLOGY